Vi nấm học y khoa thực dụng

में बचाया:
ग्रंथसूची विवरण
मुख्य लेखक: Chu Văn Tường
स्वरूप: पुस्तक
भाषा:Undetermined
प्रकाशित: Sài Gòn Y khoa Đại học Đường 1973
टैग : टैग जोड़ें
कोई टैग नहीं, इस रिकॉर्ड को टैग करने वाले पहले व्यक्ति बनें!
Thư viện lưu trữ: Trung tâm Học liệu Trường Đại học Cần Thơ
LEADER 00475nam a2200157Ia 4500
001 CTU_45951
008 210402s9999 xx 000 0 und d
082 |a 616.969 
082 |b B938 
100 |a Chu Văn Tường 
245 0 |a Vi nấm học y khoa thực dụng 
245 0 |c Chu Văn Tường, Glenn S.Bulmer 
260 |a Sài Gòn 
260 |b Y khoa Đại học Đường 
260 |c 1973 
980 |a Trung tâm Học liệu Trường Đại học Cần Thơ